000 00445nab a2200145Ia 4500
003 ES-SlBCS
005 20210601125231.0
008 140529s1972 xxu||||| |||| 00| 0 eng d
041 _aeng
100 1 _aMacklin, Ruth
_953380
245 0 0 _aReasons vs. Causes in Explanation of Action
_c Ruth Macklin
650 0 4 _aAcción-Razón
_9155753
773 0 _tPhilosophy and Phenomenological Research
_gvol. 33, 1972, págs. 78-79
_wRev1411
942 _cAR
999 _c526949
_d526949